000 00299nam a22001337a 4500
008 170824b xxu||||| |||| 00| 0 eng d
020 _a0273085298
041 _aeng
080 _a51
100 _a38
101 _aMAT
245 _aAN APPROACH TO ALGEBRIC K-THEORY
_cBERRICK,A.J
942 _2udc
_cBK
999 _c24766
_d24766